Statistics for Top 50 Cosmetics Brands

Click here to take the quiz!

General Stats

  • This quiz has been taken 301 times
  • The average score is 7 of 50

Answer Stats

RankAnswer% Correct
26L'Oréal
73%
5Chanel
54%
20MAC Cosmetic
49%
16Dior
46%
9Estée Lauder
42%
4Clinique
33%
14Lancôme
32%
38Revlon
32%
44Rimmel
27%
10Dove
26%
3Nivea
26%
29Covergirl
25%
21AVON
22%
27Max Factor
21%
18Olay
17%
11Clarins
16%
6Neutrogena
13%
8Pantene
11%
2Gillette
10%
45Vichy
8%
22Axe
7%
23L'Occitane
6%
33Palmolive
6%
24Rexona
6%
25The Body Shop
6%
19Aveeno
5%
15Head & Shoulders
5%
36Old Spice
5%
17Schwarzkopf
4%
48SK-II
4%
43Lux
3%
49Oriflame
3%
12Shisedo
3%
32Bioré
2%
30Clairol
2%
46Kosé
2%
31Laneige
2%
39RoC
2%
35Sunsilk
2%
50Syoss
2%
37Wella
2%
41Clean & Clear
1%
42HERA
1%
28Le Petit Marseillais
1%
1LOréal Paris
1%
47Mamonde
1%
13Matbelline
1%
34Natura Cosméticos
1%
7Ganier
0%
40Sulwhasoo
0%

Score Distribution

Percentile by Number Answered

Percent of People with Each Score

Your Score History

You have not taken this quiz